Movies Quiz

Random Movies or Director Quiz

AFI Life Achievement Awards Quiz Stats

 Plays Quiz Updated Nov 8, 2019

Support Sporcle.
Go Orange.
Score 0/48 Timer 08:00
0 Plays Today
Year Winner % Correct
1995Steven Spielberg
77.8%
2016John Williams
70.4%
2004Meryl Streep
62.5%
2003Robert DeNiro
61.5%
2007Al Pacino
58.2%
1996Clint Eastwood
57.5%
2014Jane Fonda
55.5%
2002Tom Hanks
53.3%
2000Harrison Ford
49.6%
1994Jack Nicholson
49.4%
2019Denzel Washington
48.8%
1973John Ford
48%
2005George Lucas
47.6%
1997Martin Scorsese
46.6%
2017Diane Keaton
46.5%
1981Fred Astaire
46.3%
1979Alfred Hitchcock
44.4%
1985Gene Kelly
42.7%
1980James Stewart
40.9%
1999Dustin Hoffman
40%
1978Henry Fonda
37.8%
2018George Clooney
37.5%
2020Julie Andrews (Scheduled for April 25, 2020, postponed)
36.9%
1977Bette Davis
34.7%
Year Winner % Correct
2009Michael Douglas
32.5%
2015Steve Martin
32.5%
1991Kirk Douglas
31.8%
2012Shirley MacLaine
29.3%
2013Mel Brooks
28.8%
1993Elizabeth Taylor
28.6%
1992Sidney Poitier
26.5%
1989Gregory Peck
26.4%
2008Warren Beatty
26.4%
2001Barbra Streisand
26.3%
1975Orson Welles
25.3%
1986Billy Wilder
24.4%
1988Jack Lemmon
24.2%
2006Sir Sean Connery
22%
1982Frank Capra
21.3%
1983John Huston
20.5%
1974James Cagney
19.9%
2010Mike Nichols
17.1%
1976William Wyler
15.4%
2011Morgan Freeman
14.1%
1990David Lean
13.6%
1987Barbara Stanwyck
11.2%
1998Robert Wise
8.8%
1984Lillian Gish
8.7%

You're not logged in!

Compare scores with friends on all Sporcle quizzes.
OR
Log In

From the Vault

Cartoon Character Sorting II

by WalshyMusic

If you burned through your entire Netflix queue in three days, you have some cartoons now.
Remove Ads.
Support Sporcle.
Get the best of Sporcle when you Go Orange. This ad-free experience offers more features, more stats, and more fun while also helping to support Sporcle. Thank you for becoming a member.

Show Comments

Extras

Top Quizzes Today


Score Distribution

Your Account Isn't Verified!

In order to create a playlist on Sporcle, you need to verify the email address you used during registration. Go to your Sporcle Settings to finish the process.

Report this User

Report this user for behavior that violates our Community Guidelines.

Details: